Śrīcakradharasvāmī. (Record no. 69771)
[ view plain ]
| 000 -LEADER | |
|---|---|
| fixed length control field | 00591cam a22002291 4500 |
| 001 - CONTROL NUMBER | |
| control field | sa 66005039 |
| 003 - CONTROL NUMBER IDENTIFIER | |
| control field | DLC |
| 005 - DATE AND TIME OF LATEST TRANSACTION | |
| control field | 20260227112247.0 |
| 008 - FIXED-LENGTH DATA ELEMENTS--GENERAL INFORMATION | |
| fixed length control field | 890913s1966 ii a b 000 0 maro |
| 010 ## - LIBRARY OF CONGRESS CONTROL NUMBER | |
| LC control number | sa 66005039 |
| 035 ## - SYSTEM CONTROL NUMBER | |
| System control number | (OCoLC)20334590 |
| 040 ## - CATALOGING SOURCE | |
| Original cataloging agency | DLC |
| Transcribing agency | WaU |
| Modifying agency | DLC |
| 042 ## - AUTHENTICATION CODE | |
| Authentication code | premarc |
| 050 00 - LIBRARY OF CONGRESS CALL NUMBER | |
| Classification number | BL1215.M35 |
| Item number | A4 |
| 100 1# - MAIN ENTRY--PERSONAL NAME | |
| Personal name | Mate, M. S. |
| Fuller form of name | (Madhukar Shripad) |
| 245 10 - TITLE STATEMENT | |
| Title | Śrīcakradharasvāmī. |
| 260 ## - PUBLICATION, DISTRIBUTION, ETC. | |
| Date of publication, distribution, etc. | [1966] |
| 300 ## - PHYSICAL DESCRIPTION | |
| Extent | 104 p. |
| Other physical details | illus. |
| Dimensions | 18 cm. |
| 500 ## - GENERAL NOTE | |
| General note | In Marathi. |
| 504 ## - BIBLIOGRAPHY, ETC. NOTE | |
| Bibliography, etc. note | Bibliography : p. 104. |
| 700 0# - ADDED ENTRY--PERSONAL NAME | |
| Personal name | Cakradhara, |
| Dates associated with a name | active 13th century. |
No items available.